00940nam a2200181 a 4500020002700000020003000027082001200057245003200069250001200101260004400113300001300157490004900170520040500219650002500624700001800649700002100667856007000688 a0080410030 (paperback) a9780080410036 (paperback) a660 COU10aChemical engineering: Vol.3 a3rd ed. a[S.l.] :bButterworth-Heinemann,c1994. a778 p. ;1 aCoulson & richardson's chemical engineering. aThe publication of the third edition of 'Chemical Engineering Volume 3' marks the completion of the re-orientation of the basic material contained in the first three volumes of the series. Volume 3 is devoted to reaction engineering (both chemical and biochemical), together with measurement and process control. This text is designed for students, graduate and postgraduate, of chemical engineering. achemical engineering1 aPeacock, D G.1 aRichardson, J.F.40uhttp://www.amazon.com/exec/obidos/ASIN/0080410030/chopaconline-20